000 00734nam a2200205 i 4500
001 41116
003 ES-MaACL
005 20230906160357.0
007 t|
008 030310s1984 mx ||||1| spa d
020 _a968-57-0138-5
245 0 0 _aCartografía histórica de la nueva Galicia /
_cJosé Antonio Calderón Quijano, director.
260 _aGuadalajara (México) :
_bUniversidad ;
_aSevilla :
_bEscuela de Estudios Hispano-Americanos,
_c1984.
300 _aXXXVI, 421 p. :
_bprincipalmente mapas ;
_c30 cm.
500 _aDed. autográf. del director.
504 _aBibliografía. Indice.
651 4 _aNueva Galicia-
_vMapas.
_9170268
700 1 _aCalderón Quijano, José Antonio.
_933626
852 _aES-MaACL
_jC-2275
999 _c41116
_d41116